<?xml version="1.0" encoding="UTF-8"?>
<record
    xmlns:xsi="http://www.w3.org/2001/XMLSchema-instance"
    xsi:schemaLocation="http://www.loc.gov/MARC21/slim http://www.loc.gov/standards/marcxml/schema/MARC21slim.xsd"
    xmlns="http://www.loc.gov/MARC21/slim">

  <leader>00842nam a2200181Ia 4500</leader>
  <controlfield tag="008">100921s9999    xx            000 0 und d</controlfield>
  <datafield tag="082" ind1=" " ind2=" ">
    <subfield code="b">5638</subfield>
    <subfield code="a">294.592 &#x925; 10</subfield>
  </datafield>
  <datafield tag="100" ind1=" " ind2=" ">
    <subfield code="a">---</subfield>
  </datafield>
  <datafield tag="245" ind1=" " ind2=" ">
    <subfield code="a">&#x92E;&#x939;&#x93E;&#x92D;&#x93E;&#x930;&#x924;&#x93E;&#x91A;&#x947; &#x92E;&#x930;&#x93E;&#x920;&#x940; &#x92D;&#x93E;&#x937;&#x93E;&#x902;&#x924;&#x930;-&#x935;&#x93F;&#x930;&#x93E;&#x91F; &#x935; &#x909;&#x926;&#x94D;&#x92F;&#x94B;&#x917;&#x92A;&#x930;&#x94D;&#x935;.</subfield>
  </datafield>
  <datafield tag="260" ind1=" " ind2=" ">
    <subfield code="b">---</subfield>
    <subfield code="c">1910</subfield>
  </datafield>
  <datafield tag="300" ind1=" " ind2=" ">
    <subfield code="a">391</subfield>
    <subfield code="b">---</subfield>
  </datafield>
  <datafield tag="365" ind1=" " ind2=" ">
    <subfield code="b">0</subfield>
  </datafield>
  <datafield tag="520" ind1=" " ind2=" ">
    <subfield code="a">&#x927;&#x930;&#x94D;&#x92E;-&#x92A;&#x935;&#x93F;&#x924;&#x94D;&#x930; &#x917;&#x94D;&#x930;&#x902;&#x925;-&#x935;&#x94D;&#x92F;&#x93F;&#x915;&#x94D;&#x924;.</subfield>
  </datafield>
  <datafield tag="630" ind1=" " ind2=" ">
    <subfield code="a">&#x92E;&#x939;&#x93E;&#x92D;&#x93E;&#x930;&#x924;&#x93E;&#x91A;&#x947; &#x92E;&#x930;&#x93E;&#x920;&#x940; &#x92D;&#x93E;&#x937;&#x93E;&#x902;&#x924;&#x930;-&#x935;&#x93F;&#x930;&#x93E;&#x91F; &#x935; &#x909;&#x926;&#x94D;&#x92F;&#x94B;&#x917;&#x92A;&#x930;&#x94D;&#x935;.</subfield>
  </datafield>
  <datafield tag="650" ind1=" " ind2=" ">
    <subfield code="a">&#x927;&#x930;&#x94D;&#x92E;-&#x92A;&#x935;&#x93F;&#x924;&#x94D;&#x930; &#x917;&#x94D;&#x930;&#x902;&#x925;-&#x935;&#x94D;&#x92F;&#x93F;&#x915;&#x94D;&#x924;.</subfield>
  </datafield>
  <datafield tag="730" ind1=" " ind2=" ">
    <subfield code="a">&#x92E;&#x939;&#x93E;&#x92D;&#x93E;&#x930;&#x924;&#x93E;&#x91A;&#x947; &#x92E;&#x930;&#x93E;&#x920;&#x940; &#x92D;&#x93E;&#x937;&#x93E;&#x902;&#x924;&#x930;-&#x935;&#x93F;&#x930;&#x93E;&#x91F; &#x935; &#x909;&#x926;&#x94D;&#x92F;&#x94B;&#x917;&#x92A;&#x930;&#x94D;&#x935;.</subfield>
  </datafield>
  <datafield tag="942" ind1=" " ind2=" ">
    <subfield code="c">BOOK</subfield>
  </datafield>
  <datafield tag="999" ind1=" " ind2=" ">
    <subfield code="c">754751</subfield>
    <subfield code="d">754748</subfield>
  </datafield>
  <datafield tag="952" ind1=" " ind2=" ">
    <subfield code="0">0</subfield>
    <subfield code="1">1</subfield>
    <subfield code="4">0</subfield>
    <subfield code="7">0</subfield>
    <subfield code="a">WAITILAKGS</subfield>
    <subfield code="b">WAITILAKGS</subfield>
    <subfield code="c">294.592 &#x925; 10</subfield>
    <subfield code="d">0000-00-00</subfield>
    <subfield code="g">0.00</subfield>
    <subfield code="l">0</subfield>
    <subfield code="p">WAITILAKGS-5638</subfield>
    <subfield code="r">2010-09-21 00:00:00</subfield>
    <subfield code="w">2010-09-21</subfield>
    <subfield code="y">BOOK</subfield>
    <subfield code="z">&#x917;&#x939;&#x93E;&#x933;</subfield>
  </datafield>
</record>
